[Event "English Open Championship"]
[Site "Kenilworth"]
[Date "2023.05.28"]
[Round "6.27"]
[White "Ireland, David J"]
[Black "Bharat Kumar, Balahari"]
[Result "1-0"]
[WhiteElo "1911"]
[BlackElo "1898"]
[PlyCount "185"]
[EventDate "2023.05.26"]
[EventType "swiss"]
[EventRounds "7"]
[EventCountry "ENG"]
[SourceTitle "BritBase"]
[Source "John Saunders"]
[SourceDate "2023.05.30"]
[SourceVersion "1"]
[SourceVersionDate "2023.05.30"]
[SourceQuality "1"]

1. c4 e5 2. Nc3 Nf6 3. g3 d5 4. cxd5 Nxd5 5. Bg2 Nb6 6. Nf3 Nc6 7. O-O Be7 8.
b3 O-O 9. Bb2 Be6 10. d3 Qd7 11. Re1 Rad8 12. Rc1 Rfe8 13. Qc2 f6 14. Ne4 Nd5
15. Nc5 Bxc5 16. Qxc5 Qf7 17. Nd2 Kh8 18. a3 Qg6 19. Rc2 Rd7 20. Qb5 Nd8 21.
Ne4 c6 22. Qa5 b6 23. Qd2 c5 24. Nc3 Nb7 25. Nxd5 Bxd5 26. Qc3 Bxg2 27. Kxg2
Red8 28. f3 h5 29. b4 Rd5 30. Qc4 R5d7 31. Qh4 Kg8 32. Qc4+ Kh7 33. Qe4 Qxe4
34. fxe4 Kg6 35. Bc1 cxb4 36. axb4 Nd6 37. Be3 Nb5 38. Ra1 Kf7 39. Rc6 Ke7 40.
Kh3 g5 41. g4 h4 42. Rf1 Rd6 43. Rc4 Ke6 44. Kg2 Kd7 45. Rfc1 Ke7 46. Ra1 R6d7
47. Kf2 Kd6 48. Ke1 Rc7 49. Kd2 Rdc8 50. Rac1 Na3 51. Rxc7 Rxc7 52. Ra1 Nb5 53.
h3 Nd4 54. Bxd4 exd4 55. Rf1 Ke6 56. Rf5 Rc3 57. Rd5 Rb3 58. Rxd4 Rb1 59. Rc4
Rh1 60. Rc6+ Ke5 61. Rc3 Kf4 62. Rc6 Ke5 63. Rc3 Rh2 64. b5 Rh1 65. Ra3 Kf4 66.
Rxa7 Rxh3 67. Rb7 Rh1 68. Rxb6 Kxg4 69. Rxf6 Rb1 70. Ke3 Rxb5 71. Kf2 h3 72.
Rh6 Rb4 73. Rh8 Ra4 74. e5 Rf4+ 75. Ke3 Kg3 76. e6 Rf6 77. d4 Rxe6+ 78. Kd3 h2
79. d5 Re7 80. e4 Kg2 81. d6 Rd7 82. e5 h1=Q 83. Rxh1 Kxh1 84. Ke4 g4 85. Kf4
Rg7 86. Kg3 Rg5 87. d7 Rxe5 88. d8=Q Re3+ 89. Kxg4 Re1 90. Qh4+ Kg2 91. Qxe1
Kh2 92. Qe2+ Kh1 93. Kg3 1-0

[Event "English Open Championship"]
[Site "Kenilworth"]
[Date "2023.05.28"]
[Round "6.28"]
[White "Green, Michael"]
[Black "Baer, Bruce L"]
[Result "1-0"]
[WhiteElo "1917"]
[BlackElo "1950"]
[PlyCount "125"]
[EventDate "2023.05.26"]
[EventType "swiss"]
[EventRounds "7"]
[EventCountry "ENG"]
[SourceTitle "BritBase"]
[Source "John Saunders"]
[SourceDate "2023.05.30"]
[SourceVersion "1"]
[SourceVersionDate "2023.05.30"]
[SourceQuality "1"]

1. Nf3 d6 2. b4 e5 3. d3 Nd7 4. Bb2 g5 5. g3 Bg7 6. c4 a5 7. a3 axb4 8. axb4
Rxa1 9. Bxa1 c6 10. Nc3 f5 11. h4 g4 12. Nd2 Nh6 13. Bg2 O-O 14. b5 f4 15. bxc6
bxc6 16. gxf4 exf4 17. Bxc6 Ne5 18. Bd5+ Kh8 19. Nde4 g3 20. fxg3 fxg3 21. Nxg3
Nhg4 22. Nce4 Ne3 23. Qa4 Ng2+ 24. Kd1 Bg4 25. Qa7 Nf4 26. Kd2 Nxd5 27. cxd5
Rf7 28. Qa6 Bh6+ 29. Kc2 Rc7+ 30. Bc3 Bg7 31. Kd2 Bh6+ 32. Ng5 Bxg5+ 33. hxg5
Qxg5+ 34. Kc2 Qg7 35. Kd2 Bc8 36. Qxd6 Nf3+ 37. exf3 Qxc3+ 38. Ke3 Rf7 39. Ne4
Qg7 40. d4 Bf5 41. Rb1 h5 42. Qe5 h4 43. Qxg7+ Kxg7 44. Rh1 h3 45. Nf2 Rd7 46.
Nxh3 Rxd5 47. Nf4 Ra5 48. Rd1 Kf6 49. Nd3 Be6 50. Nc5 Bd5 51. Kf4 Ra3 52. Rd3
Ra1 53. Ne4+ Ke6 54. Nc3 Bc4 55. Re3+ Kd6 56. Re5 Rc1 57. Ne4+ Kd7 58. Nf6+ Kd6
59. Ne4+ Kd7 60. d5 Rd1 61. d6 Rd4 62. Rc5 Be6 63. Ke5 1-0

[Event "English Open Championship"]
[Site "Kenilworth"]
[Date "2023.05.28"]
[Round "6.29"]
[White "Fellowes, Billy"]
[Black "Dasgupta, Avyukt"]
[Result "0-1"]
[WhiteElo "1824"]
[BlackElo "1788"]
[PlyCount "116"]
[EventDate "2023.05.26"]
[EventType "swiss"]
[EventRounds "7"]
[EventCountry "ENG"]
[SourceTitle "BritBase"]
[Source "John Saunders"]
[SourceDate "2023.05.30"]
[SourceVersion "1"]
[SourceVersionDate "2023.05.30"]
[SourceQuality "1"]

1. e4 e6 2. d4 d5 3. Nc3 dxe4 4. Nxe4 Bd6 5. Nf3 h6 6. Bd3 Nf6 7. c3 O-O 8. Qc2
Nbd7 9. Bd2 Nxe4 10. Bxe4 Rb8 11. g4 Nf6 12. g5 Nxe4 13. Qxe4 h5 14. O-O-O g6
15. c4 b5 16. d5 exd5 17. cxd5 Bf5 18. Qd4 b4 19. h3 Rb5 20. b3 Rc5+ 21. Kb2
Rc2+ 22. Ka1 Bc5 23. Qf6 Qxf6+ 24. gxf6 Be4 25. Rc1 Rxd2 26. Rxc5 Bxf3 27. Rhc1
Bxd5 28. f4 c6 29. Ra5 Rf2 30. Rxa7 Rxf4 31. Rb7 Ra8 32. Kb2 Rf2+ 33. Rc2 Rxa2+
34. Kxa2 Rxc2+ 35. Kb1 Rf2 36. Rxb4 Rxf6 37. h4 Rf3 38. Kc2 Rxb3 39. Rd4 Rg3
40. Kd2 Rg4 41. Rd3 Rxh4 42. Ra3 Re4 43. Rg3 Kg7 44. Rh3 h4 45. Kd3 f5 46. Rh2
g5 47. Rf2 Kg6 48. Rb2 h3 49. Rb8 h2 50. Rh8 Rh4 51. Re8 h1=Q 52. Re2 Bc4+ 53.
Kc2 Bxe2 54. Kd2 Qd1+ 55. Ke3 Re4+ 56. Kf2 Qf1+ 57. Kg3 Rg4+ 58. Kh2 Qg2# 0-1

[Event "English Open Championship"]
[Site "Kenilworth"]
[Date "2023.05.28"]
[Round "6.30"]
[White "Turner, Lewis A"]
[Black "Brown, Tom"]
[Result "1/2-1/2"]
[WhiteElo "1807"]
[BlackElo "1959"]
[PlyCount "106"]
[EventDate "2023.05.26"]
[EventType "swiss"]
[EventRounds "7"]
[EventCountry "ENG"]
[SourceTitle "BritBase"]
[Source "John Saunders"]
[SourceDate "2023.05.30"]
[SourceVersion "1"]
[SourceVersionDate "2023.05.30"]
[SourceQuality "1"]

1. e4 c6 2. d4 d5 3. e5 Bf5 4. h4 h5 5. Bg5 Qb6 6. Bd3 Bxd3 7. Qxd3 e6 8. Nd2
c5 9. c4 Qxb2 10. Nb3 cxd4 11. Ne2 Bb4+ 12. Kf1 Qa3 13. Nexd4 Qa6 14. Nb5 Qb6
15. cxd5 exd5 16. Rc1 Na6 17. Qxd5 Ne7 18. Bxe7 Bxe7 19. Nd6+ Bxd6 20. exd6 O-O
21. Rh3 Rad8 22. d7 Nb8 23. Qxh5 Nxd7 24. Rg3 Qf6 25. Qg5 Qxg5 26. Rxg5 Rc8 27.
Rd1 Nf6 28. f3 Rfd8 29. Rxd8+ Rxd8 30. Ra5 a6 31. Ra4 Rd5 32. Rc4 g6 33. Kf2
Kg7 34. Rc7 Rd7 35. Rxd7 Nxd7 36. Ke3 Kf6 37. Kd4 b6 38. Kd5 Ne5 39. Nd2 Nd3
40. Kc6 Nb4+ 41. Kxb6 Nxa2 42. Kxa6 Kf5 43. g3 Nc3 44. Kb6 Ne2 45. g4+ Kf4 46.
Kc5 f5 47. g5 Ke3 48. Nc4+ Kxf3 49. Ne5+ Kg3 50. Nxg6 f4 51. Ne5 f3 52. g6 Nf4
53. Nxf3 Kxf3 1/2-1/2

[Event "English Open Championship"]
[Site "Kenilworth"]
[Date "2023.05.28"]
[Round "6.31"]
[White "Gopakumar, Siddharth"]
[Black "Miller, George I"]
[Result "1/2-1/2"]
[WhiteElo "1890"]
[BlackElo "1849"]
[PlyCount "87"]
[EventDate "2023.05.26"]
[EventType "swiss"]
[EventRounds "7"]
[EventCountry "ENG"]
[SourceTitle "BritBase"]
[Source "John Saunders"]
[SourceDate "2023.05.30"]
[SourceVersion "1"]
[SourceVersionDate "2023.05.30"]
[SourceQuality "1"]

1. e4 e5 2. Nf3 Nc6 3. d4 exd4 4. Nxd4 Nf6 5. Nxc6 bxc6 6. Bd3 d5 7. exd5 cxd5
8. O-O Be7 9. b3 O-O 10. Bb2 a5 11. a4 Ba6 12. Nc3 c6 13. Ne2 Bxd3 14. Qxd3 Ne4
15. Nd4 Qd7 16. f3 Nd6 17. Ne2 Qf5 18. Rad1 Qg5 19. f4 Qh6 20. Rf3 Ne4 21. g4
Qh4 22. h3 f5 23. g5 h6 24. gxh6 Qxh6 25. Kh2 Bf6 26. Bxf6 Rxf6 27. Rg1 Rg6 28.
Ng3 Rf8 29. c4 Rd6 30. Qd4 Kh8 31. Qe5 Re6 32. Nxf5 Rxe5 33. Nxh6 Rh5 34. Ng4
dxc4 35. bxc4 Nd2 36. Rd3 Nxc4 37. Rd4 Nb6 38. Ne5 Rc8 39. Rd6 Nxa4 40. Ra1 Nb6
41. Rxa5 Kg8 42. Ra6 Nd5 43. Nxc6 Re8 44. Rd8 1/2-1/2

[Event "English Open Championship"]
[Site "Kenilworth"]
[Date "2023.05.28"]
[Round "6.32"]
[White "Gibson, Christopher A"]
[Black "Vaidyanathan, Adithya"]
[Result "1-0"]
[WhiteElo "1836"]
[BlackElo "1478"]
[PlyCount "51"]
[EventDate "2023.05.26"]
[EventType "swiss"]
[EventRounds "7"]
[EventCountry "ENG"]
[SourceTitle "BritBase"]
[Source "John Saunders"]
[SourceDate "2023.05.30"]
[SourceVersion "1"]
[SourceVersionDate "2023.05.30"]
[SourceQuality "1"]

1. e4 c5 2. c3 e5 3. Nf3 Nc6 4. Bc4 Be7 5. O-O Nf6 6. Re1 d6 7. d4 cxd4 8. cxd4
exd4 9. Nxd4 O-O 10. Nc3 Qb6 11. Be3 Qxb2 12. Nd5 Nxd5 13. Bxd5 Nxd4 14. Bxd4
Qa3 15. Re3 Qb4 16. Rb1 Qa5 17. Rg3 Rd8 18. Rxg7+ Kf8 19. Qh5 Be6 20. Rxf7+ Ke8
21. Rxh7+ Kd7 22. Bxe6+ Kc7 23. Qxa5+ b6 24. Bxb6+ Kb7 25. Bxd8+ Kc6 26. Qb5#
1-0

[Event "English Open Championship"]
[Site "Kenilworth"]
[Date "2023.05.29"]
[Round "7.1"]
[White "Willow, Jonah B"]
[Black "Adams, Michael"]
[Result "1/2-1/2"]
[WhiteElo "2450"]
[BlackElo "2680"]
[PlyCount "78"]
[EventDate "2023.05.26"]
[EventType "swiss"]
[EventRounds "7"]
[EventCountry "ENG"]
[SourceTitle "BritBase"]
[Source "John Saunders"]
[SourceDate "2023.05.30"]
[SourceVersion "1"]
[SourceVersionDate "2023.05.30"]
[SourceQuality "1"]

1. e4 e5 2. Nf3 Nc6 3. Nc3 Nf6 4. Bb5 Nd4 5. O-O Nxb5 6. Nxb5 c6 7. Nc3 d6 8.
d4 Qc7 9. a4 Be7 10. a5 O-O 11. Bg5 Bg4 12. Bxf6 Bxf6 13. d5 c5 14. a6 Rfb8 15.
Nb5 Qd8 16. b3 bxa6 17. Na3 Bd7 18. Nc4 Bb5 19. Na5 Qc8 20. Nd2 Bd8 21. Nac4
Bc7 22. Ne3 Bxf1 23. Qxf1 a5 24. g3 g6 25. f4 c4 26. Ndxc4 Bb6 27. fxe5 Bxe3+
28. Nxe3 Qc3 29. Ng4 Qd4+ 30. Kg2 Qxe4+ 31. Kh3 Qxc2 32. Nh6+ Kg7 33. Rc1 Qe4
34. Rc4 Qxe5 35. Qxf7+ Kxh6 36. Rh4+ Kg5 37. Rg4+ Kh6 38. Rh4+ Kg5 39. Rg4+ Kh6
1/2-1/2

[Event "English Open Championship"]
[Site "Kenilworth"]
[Date "2023.05.29"]
[Round "7.2"]
[White "Harvey, Marcus R"]
[Black "Wells, Peter K"]
[Result "1-0"]
[WhiteElo "2462"]
[BlackElo "2356"]
[PlyCount "61"]
[EventDate "2023.05.26"]
[EventType "swiss"]
[EventRounds "7"]
[EventCountry "ENG"]
[SourceTitle "BritBase"]
[Source "John Saunders"]
[SourceDate "2023.05.30"]
[SourceVersion "1"]
[SourceVersionDate "2023.05.30"]
[SourceQuality "1"]

1. c4 e6 2. Nf3 d5 3. e3 dxc4 4. Qa4+ Nd7 5. Nc3 a6 6. Bxc4 Ngf6 7. O-O Rb8 8.
Qc2 b5 9. Bd3 Bb7 10. b3 Be7 11. Bb2 Nc5 12. Be2 b4 13. Nd1 O-O 14. Ne1 a5 15.
Bxf6 gxf6 16. Rc1 a4 17. d4 axb3 18. axb3 Be4 19. Nd3 Na6 20. N1b2 Ra8 21. Qd1
Nb8 22. Bf3 Bxf3 23. Qxf3 Ra3 24. Qd1 Nd7 25. Nc4 Ra2 26. Qf3 f5 27. Ra1 Qa8
28. Rxa2 Qxa2 29. Qg3+ Kh8 30. Qxc7 Qxb3 31. Qxd7 1-0

[Event "English Open Championship"]
[Site "Kenilworth"]
[Date "2023.05.29"]
[Round "7.3"]
[White "Wadsworth, Matthew J"]
[Black "Finn, Peter"]
[Result "1-0"]
[WhiteElo "2428"]
[BlackElo "2127"]
[PlyCount "81"]
[EventDate "2023.05.26"]
[EventType "swiss"]
[EventRounds "7"]
[EventCountry "ENG"]
[SourceTitle "BritBase"]
[Source "John Saunders"]
[SourceDate "2023.05.30"]
[SourceVersion "1"]
[SourceVersionDate "2023.05.30"]
[SourceQuality "1"]

1. Nf3 d5 2. g3 Nf6 3. Bg2 e6 4. O-O Be7 5. c4 O-O 6. b3 d4 7. e3 c5 8. exd4
cxd4 9. Ne5 Qc7 10. Re1 Nc6 11. Nxc6 bxc6 12. d3 Re8 13. Ba3 e5 14. Bxe7 Rxe7
15. Nd2 Bg4 16. Qc2 Rae8 17. b4 c5 18. b5 Bc8 19. Nb3 Qd6 20. a4 h5 21. Rad1 h4
22. Na5 hxg3 23. hxg3 Ng4 24. Nc6 Rc7 25. Qd2 f5 26. Qg5 Bd7 27. Bd5+ Be6 28.
Bf3 Bc8 29. Bxg4 fxg4 30. Rxe5 Rxe5 31. Qxe5 Qxe5 32. Nxe5 Bb7 33. Re1 Re7 34.
Kf1 Bh1 35. f4 gxf3 36. Kf2 g5 37. Nc6 Rxe1 38. Kxe1 f2+ 39. Kxf2 Kf8 40. Nxa7
Ke7 41. Nc8+ 1-0

[Event "English Open Championship"]
[Site "Kenilworth"]
[Date "2023.05.29"]
[Round "7.4"]
[White "Ghasi, Ameet K"]
[Black "Khandelwal, Ankush"]
[Result "0-1"]
[WhiteElo "2496"]
[BlackElo "2205"]
[PlyCount "88"]
[EventDate "2023.05.26"]
[EventType "swiss"]
[EventRounds "7"]
[EventCountry "ENG"]
[SourceTitle "BritBase"]
[Source "John Saunders"]
[SourceDate "2023.05.30"]
[SourceVersion "1"]
[SourceVersionDate "2023.05.30"]
[SourceQuality "1"]

1. Nf3 Nf6 2. g3 g6 3. Bg2 Bg7 4. O-O O-O 5. d3 d6 6. e4 c5 7. Re1 Nc6 8. c3 e5
9. a3 a5 10. a4 h6 11. Na3 d5 12. exd5 Nxd5 13. Nc4 Re8 14. Qb3 Rb8 15. Qb5 Bf5
16. Nfd2 Bxd3 17. Qxc5 Nde7 18. Nd6 b6 19. Qa3 Rf8 20. N2c4 f5 21. Be3 f4 22.
Bd2 f3 23. Bh3 Kh7 24. Be3 Nd5 25. Rad1 Nxe3 26. Nxe3 Be2 27. Rd2 Qe7 28. Rdxe2
fxe2 29. Rxe2 Nd4 30. cxd4 exd4 31. Bf1 dxe3 32. Rxe3 Qf6 33. Re2 Rbd8 34. Ne4
Qc6 35. Qa1 Rd4 36. Nc3 Rfd8 37. Qe1 R4d7 38. Re6 Rd6 39. Re7 R6d7 40. Bb5 Rxe7
41. Qxe7 Qd6 42. Qb7 Rf8 43. Nd5 Qc5 44. Bd3 Qxf2+ 0-1

[Event "English Open Championship"]
[Site "Kenilworth"]
[Date "2023.05.29"]
[Round "7.5"]
[White "Hebden, Mark L"]
[Black "Badacsonyi, Stanley"]
[Result "1-0"]
[WhiteElo "2434"]
[BlackElo "1914"]
[PlyCount "85"]
[EventDate "2023.05.26"]
[EventType "swiss"]
[EventRounds "7"]
[EventCountry "ENG"]
[SourceTitle "BritBase"]
[Source "John Saunders"]
[SourceDate "2023.05.30"]
[SourceVersion "1"]
[SourceVersionDate "2023.05.30"]
[SourceQuality "1"]

1. d4 Nf6 2. Nf3 g6 3. b3 Bg7 4. Bb2 d6 5. Nbd2 O-O 6. e3 c5 7. Be2 Nc6 8. O-O
Qc7 9. Re1 Rd8 10. c4 b6 11. d5 Nb8 12. e4 Nbd7 13. Bf1 Ne5 14. Nxe5 dxe5 15.
g3 Ne8 16. Qc2 f6 17. Nb1 Nd6 18. Nc3 a6 19. Bd3 Bd7 20. f4 Nf7 21. Rf1 Bh3 22.
Rf2 Bh6 23. Bc1 exf4 24. gxf4 Kh8 25. Be2 Rg8 26. Kh1 g5 27. Bh5 Raf8 28. Bxf7
Rxf7 29. f5 Bg4 30. Be3 Qe5 31. Rg1 Bh5 32. Bc1 Qb8 33. Qd3 Qe5 34. Ne2 Rff8
35. Ng3 Be8 36. Bb2 Qc7 37. e5 Bg7 38. e6 h5 39. Nxh5 Bxh5 40. Qh3 Bh6 41. Qxh5
Kh7 42. Rf3 g4 43. Bc1 1-0

[Event "English Open Championship"]
[Site "Kenilworth"]
[Date "2023.05.29"]
[Round "7.6"]
[White "Jackson, James P"]
[Black "Gormally, Daniel W"]
[Result "0-1"]
[WhiteElo "2393"]
[BlackElo "2434"]
[PlyCount "70"]
[EventDate "2023.05.26"]
[EventType "swiss"]
[EventRounds "7"]
[EventCountry "ENG"]
[SourceTitle "BritBase"]
[Source "John Saunders"]
[SourceDate "2023.05.30"]
[SourceVersion "1"]
[SourceVersionDate "2023.05.30"]
[SourceQuality "1"]

1. e4 c6 2. d4 d5 3. e5 c5 4. dxc5 e6 5. Be3 Nd7 6. Nf3 Qc7 7. Bb5 Bxc5 8. Bxc5
Qxc5 9. Nc3 Ne7 10. O-O Nc6 11. Re1 O-O 12. Bxc6 bxc6 13. Ne2 Qb6 14. Nf4 Qxb2
15. Rb1 Qc3 16. Rb3 Qc4 17. Qd2 c5 18. h4 Rb8 19. Rc3 Qa4 20. a3 d4 21. Rd3 Ba6
22. Ng5 Rb2 23. Re2 h6 24. Ne4 Bxd3 25. Qxd3 Nxe5 26. Qg3 Ng6 27. Nf6+ gxf6 28.
Nxg6 d3 29. Rd2 Rd8 30. Nf4+ Kh8 31. Rxd3 Rxd3 32. cxd3 Qd4 33. Qf3 Qe5 34. g3
Qe1+ 35. Kg2 Rb1 0-1

[Event "English Open Championship"]
[Site "Kenilworth"]
[Date "2023.05.29"]
[Round "7.7"]
[White "Emms, John M"]
[Black "Pert, Richard G"]
[Result "1/2-1/2"]
[WhiteElo "2468"]
[BlackElo "2412"]
[PlyCount "33"]
[EventDate "2023.05.26"]
[EventType "swiss"]
[EventRounds "7"]
[EventCountry "ENG"]
[SourceTitle "BritBase"]
[Source "John Saunders"]
[SourceDate "2023.05.30"]
[SourceVersion "1"]
[SourceVersionDate "2023.05.30"]
[SourceQuality "1"]

1. e4 e6 2. d4 d5 3. Nd2 c5 4. Ngf3 Nf6 5. exd5 exd5 6. Bb5+ Bd7 7. Bxd7+ Nbxd7
8. O-O Be7 9. dxc5 Nxc5 10. Re1 O-O 11. Nf1 Re8 12. Be3 a5 13. Bd4 Ne6 14. c3
a4 15. a3 Nxd4 16. Nxd4 Bc5 17. Rxe8+ 1/2-1/2

[Event "English Open Championship"]
[Site "Kenilworth"]
[Date "2023.05.29"]
[Round "7.8"]
[White "Derakhshani, Borna"]
[Black "Okhai, Shabir"]
[Result "1-0"]
[WhiteElo "2359"]
[BlackElo "2144"]
[PlyCount "135"]
[EventDate "2023.05.26"]
[EventType "swiss"]
[EventRounds "7"]
[EventCountry "ENG"]
[SourceTitle "BritBase"]
[Source "John Saunders"]
[SourceDate "2023.05.30"]
[SourceVersion "1"]
[SourceVersionDate "2023.05.30"]
[SourceQuality "1"]

1. Nf3 Nf6 2. c4 g6 3. b3 Bg7 4. Bb2 O-O 5. g3 b6 6. Bg2 Bb7 7. O-O c5 8. d4 d5
9. dxc5 dxc4 10. Qxd8 Rxd8 11. cxb6 axb6 12. bxc4 Nbd7 13. Nbd2 Ra4 14. Rfc1
Rda8 15. a3 Nc5 16. Ra2 Nfe4 17. Nxe4 Bxe4 18. Bxg7 Kxg7 19. Rc3 Rd8 20. Nd2
Bxg2 21. Kxg2 Ra7 22. Nf3 Rc8 23. Nd2 Rac7 24. Ra1 Rd8 25. Nf1 Na4 26. Rc2 Ra8
27. Ne3 e6 28. Rd2 Rc6 29. Rb1 Nc3 30. Rb3 Ne4 31. Rdb2 Ra6 32. Rb4 Nc3 33.
R4b3 Na4 34. Ra2 Nc5 35. Rb1 Ra7 36. f3 Nb7 37. Kf2 Nd6 38. Rb4 h5 39. h4 Kf6
40. Ra1 Ke7 41. Rb3 Ra4 42. Rc1 Kd7 43. Rcc3 Kc7 44. Rb4 Ra8 45. Nc2 Rc5 46. e4
b5 47. Ne3 bxc4 48. Nxc4 Rb8 49. Rxb8 Kxb8 50. Rb3+ Kc7 51. Nxd6 Kxd6 52. Rd3+
Ke5 53. Ke3 Rc1 54. f4+ Kf6 55. Kd4 Re1 56. Re3 Rc1 57. Rc3 Re1 58. e5+ Kf5 59.
Kc5 f6 60. exf6 Kxf6 61. a4 e5 62. fxe5+ Kxe5 63. a5 Ra1 64. Kb6 Rb1+ 65. Kc6
Ra1 66. Rc5+ Kf6 67. Kb6 Ra3 68. a6 1-0

[Event "English Open Championship"]
[Site "Kenilworth"]
[Date "2023.05.29"]
[Round "7.9"]
[White "Ashton, Adam G"]
[Black "Yao, Lan"]
[Result "1/2-1/2"]
[WhiteElo "2344"]
[BlackElo "2278"]
[PlyCount "89"]
[EventDate "2023.05.26"]
[EventType "swiss"]
[EventRounds "7"]
[EventCountry "ENG"]
[SourceTitle "BritBase"]
[Source "John Saunders"]
[SourceDate "2023.05.30"]
[SourceVersion "1"]
[SourceVersionDate "2023.05.30"]
[SourceQuality "1"]

1. e4 c5 2. Nf3 e6 3. d4 cxd4 4. Nxd4 Nc6 5. Nc3 Qc7 6. Be3 a6 7. g4 b5 8. Nxc6
Qxc6 9. Qd2 b4 10. Ne2 Qxe4 11. Rg1 Qc6 12. Bg2 d5 13. O-O-O Bb7 14. g5 Bd6 15.
h4 Ne7 16. h5 a5 17. Kb1 a4 18. Nd4 Qd7 19. Bf1 Ba6 20. Bxa6 Rxa6 21. g6 hxg6
22. hxg6 f6 23. Rh1 Rg8 24. f4 b3 25. Qe2 bxc2+ 26. Nxc2 Ra8 27. Rhe1 Rb8 28.
Bc1 e5 29. fxe5 fxe5 30. Ne3 Qb5 31. Qxb5+ Rxb5 32. Nc4 Kd7 33. Nxe5+ Bxe5 34.
Rxe5 Nxg6 35. Rexd5+ Rxd5 36. Rxd5+ Ke6 37. Ra5 Ne5 38. Bf4 Nd3 39. Bd2 Ne5 40.
Bc3 Nf3 41. Ra6+ Kf5 42. Ra5+ Ke6 43. Ra6+ Kf5 44. Ra5+ Ke6 45. Ra6+ 1/2-1/2

[Event "English Open Championship"]
[Site "Kenilworth"]
[Date "2023.05.29"]
[Round "7.10"]
[White "Jakhria, Kushal"]
[Black "Merriman, John"]
[Result "0-1"]
[WhiteElo "1815"]
[BlackElo "2297"]
[PlyCount "68"]
[EventDate "2023.05.26"]
[EventType "swiss"]
[EventRounds "7"]
[EventCountry "ENG"]
[SourceTitle "BritBase"]
[Source "John Saunders"]
[SourceDate "2023.05.30"]
[SourceVersion "1"]
[SourceVersionDate "2023.05.30"]
[SourceQuality "1"]

1. d4 Nf6 2. c4 e6 3. Nf3 c5 4. d5 exd5 5. cxd5 d6 6. Nc3 g6 7. Nd2 Bg7 8. e4
O-O 9. Be2 Na6 10. O-O Nc7 11. a4 Nd7 12. Nc4 Ne5 13. Ne3 a6 14. f4 Nd7 15. Nc4
Ne8 16. a5 Rb8 17. Bd3 Ndf6 18. h3 Nc7 19. Be3 Nb5 20. Ne2 Re8 21. Qc2 Qe7 22.
Ng3 h5 23. Nd2 Nxd5 24. Bxc5 dxc5 25. exd5 Nd4 26. Qb1 Qe3+ 27. Kh2 Qxd2 28.
Bxg6 fxg6 29. Qxg6 Bf5 30. Nxf5 Nxf5 31. Qxf5 Re2 32. Rg1 Rf8 33. Qxh5 Qxf4+
34. Kh1 Be5 0-1

[Event "English Open Championship"]
[Site "Kenilworth"]
[Date "2023.05.29"]
[Round "7.11"]
[White "Haydon, David L"]
[Black "Shearsby, Jude"]
[Result "0-1"]
[WhiteElo "2253"]
[BlackElo "2102"]
[PlyCount "54"]
[EventDate "2023.05.26"]
[EventType "swiss"]
[EventRounds "7"]
[EventCountry "ENG"]
[SourceTitle "BritBase"]
[Source "John Saunders"]
[SourceDate "2023.05.30"]
[SourceVersion "1"]
[SourceVersionDate "2023.05.30"]
[SourceQuality "1"]

1. Nf3 Nf6 2. b3 g6 3. Bb2 Bg7 4. e3 O-O 5. Be2 c5 6. O-O Nc6 7. c4 d5 8. cxd5
Qxd5 9. Nc3 Qf5 10. Rc1 Rd8 11. Na4 b6 12. d4 Bb7 13. Bd3 Qh5 14. Be2 Qh6 15.
Bb5 Rac8 16. Qe2 cxd4 17. Rfd1 dxe3 18. Rxd8+ Nxd8 19. Rxc8 Bxc8 20. Qc4 exf2+
21. Kf1 Qh5 22. Be5 Bg4 23. Qc7 Ne6 24. Qb8+ Nf8 25. Bc6 Qf5 26. Nc3 Bxf3 27.
Bxf3 N6d7 0-1

[Event "English Open Championship"]
[Site "Kenilworth"]
[Date "2023.05.29"]
[Round "7.12"]
[White "Boswell, Jacob Connor"]
[Black "Ismail, Mohammed Aayan"]
[Result "1/2-1/2"]
[WhiteElo "2119"]
[BlackElo "2209"]
[PlyCount "92"]
[EventDate "2023.05.26"]
[EventType "swiss"]
[EventRounds "7"]
[EventCountry "ENG"]
[SourceTitle "BritBase"]
[Source "John Saunders"]
[SourceDate "2023.05.30"]
[SourceVersion "1"]
[SourceVersionDate "2023.05.30"]
[SourceQuality "1"]

1. d4 Nf6 2. c4 e6 3. g3 Bb4+ 4. Nd2 O-O 5. Ngf3 d5 6. Bg2 c5 7. dxc5 Bxc5 8.
O-O Nc6 9. cxd5 exd5 10. Nb3 Bb6 11. Nbd4 Re8 12. e3 Bg4 13. Nxc6 bxc6 14. b3
Qd7 15. Bb2 Ne4 16. Qc2 f6 17. Nd4 Bxd4 18. Bxd4 Bf5 19. Qe2 c5 20. Bb2 Qf7 21.
Rfd1 Rac8 22. Qb5 Qe6 23. Qb7 Red8 24. Rac1 c4 25. bxc4 dxc4 26. Rxd8+ Rxd8 27.
Bd4 Rc8 28. Qb4 c3 29. Bxc3 Nxc3 30. Rxc3 Rxc3 31. Qxc3 Qxa2 32. Qc6 Qb1+ 33.
Bf1 h6 34. Qd5+ Kh7 35. f3 Bh3 36. Qd3+ Qxd3 37. Bxd3+ g6 38. g4 f5 39. gxf5
Bxf5 40. Ba6 Kg7 41. Kf2 Kf6 42. e4 Bd7 43. f4 g5 44. Ke3 gxf4+ 45. Kxf4 Bc6
46. h4 Bd7 1/2-1/2

[Event "English Open Championship"]
[Site "Kenilworth"]
[Date "2023.05.29"]
[Round "7.13"]
[White "Jones, Steven A"]
[Black "Burrows, Martin P"]
[Result "1/2-1/2"]
[WhiteElo "2174"]
[BlackElo "2131"]
[PlyCount "61"]
[EventDate "2023.05.26"]
[EventType "swiss"]
[EventRounds "7"]
[EventCountry "ENG"]
[SourceTitle "BritBase"]
[Source "John Saunders"]
[SourceDate "2023.05.30"]
[SourceVersion "1"]
[SourceVersionDate "2023.05.30"]
[SourceQuality "1"]

1. e4 c5 2. Nf3 d6 3. d4 cxd4 4. Nxd4 Nf6 5. Nc3 a6 6. g3 e5 7. Nde2 Be7 8. Bg2
O-O 9. O-O b5 10. h3 Bb7 11. a4 Nbd7 12. Be3 b4 13. Nd5 Nxd5 14. exd5 a5 15. c4
Qc7 16. Rc1 Nc5 17. f4 f5 18. Kh2 Rad8 19. b3 Bc8 20. Qc2 Bf6 21. Rcd1 Kh8 22.
Nc1 exf4 23. Rxf4 Rde8 24. Bd4 Bg5 25. Rff1 f4 26. gxf4 Bxf4+ 27. Kh1 Bf5 28.
Qf2 Be5 29. Bxe5 Rxe5 30. Nd3 Nxd3 31. Rxd3 1/2-1/2

[Event "English Open Championship"]
[Site "Kenilworth"]
[Date "2023.05.29"]
[Round "7.14"]
[White "Verma, Shlok"]
[Black "Sedykh, Mikhail"]
[Result "1/2-1/2"]
[WhiteElo "1972"]
[BlackElo "2092"]
[PlyCount "65"]
[EventDate "2023.05.26"]
[EventType "swiss"]
[EventRounds "7"]
[EventCountry "ENG"]
[SourceTitle "BritBase"]
[Source "John Saunders"]
[SourceDate "2023.05.30"]
[SourceVersion "1"]
[SourceVersionDate "2023.05.30"]
[SourceQuality "1"]

1. d4 d5 2. c4 e6 3. Nf3 Nf6 4. Nc3 Be7 5. Bg5 h6 6. Bh4 O-O 7. e3 Nbd7 8. Bd3
dxc4 9. Bxc4 c5 10. O-O b6 11. Qe2 Bb7 12. Rfd1 Ne4 13. Nxe4 Bxe4 14. Bg3 Qc8
15. Rac1 a6 16. dxc5 bxc5 17. Bd6 Re8 18. Bxe7 Rxe7 19. Rd6 a5 20. Nd2 Bb7 21.
Bb5 Nf6 22. Nc4 Qc7 23. Rd2 Rb8 24. a4 Bc6 25. Nd6 Bd5 26. Nc4 e5 27. Rcd1 Bc6
28. Nd6 Ne4 29. Nxe4 Bxe4 30. Rd7 Rxd7 31. Rxd7 Qb6 32. Qc4 Qg6 33. Qf1 1/2-1/2